IFM Opac

Stage one economics (Record no. 15839)

MARC details
000 -LEADER
fixed length control field 00326nam a22001457a 4500
020 ## - INTERNATIONAL STANDARD BOOK NUMBER
International Standard Book Number 0907135196
082 ## - DEWEY DECIMAL CLASSIFICATION NUMBER
Classification number 330WIN
100 ## - MAIN ENTRY--PERSONAL NAME
Personal name Winfiel R.G.
245 ## - TITLE STATEMENT
Title Stage one economics
260 ## - PUBLICATION, DISTRIBUTION, ETC.
Place of publication, distribution, etc. England
Name of publisher, distributor, etc. Northwick
Date of publication, distribution, etc. 1985
300 ## - PHYSICAL DESCRIPTION
Extent vii,357pg.
Other physical details ill.:25cm.
500 ## - GENERAL NOTE
General note Includes Index
650 ## - SUBJECT ADDED ENTRY--TOPICAL TERM
Topical term or geographic name entry element Economics
942 ## - ADDED ENTRY ELEMENTS (KOHA)
Koha item type Books
Holdings
Withdrawn status Lost status Damaged status Not for loan Collection code Home library Current library Shelving location Date acquired Total Checkouts Full call number Barcode Date last seen Price effective from Koha item type
        Non-fiction IFM Main Campus Library IFM Main Campus Library Archival Collection 09/09/2021   330WIN 0000014305 03/30/2016 02/19/2022 Books